[Event "Ch Ukraine"]
[Site "masterchessopen.com Alushta (Ukraine)"]
[Date "2009.05.15"]
[Round "5"]
[White "Chos Alexey (UKR)"]
[Black "Aliferenko Aleksei (UKR)"]
[Result "1-0"]
[WhiteElo "2327"]
[BlackElo "2206"]

1.e4 e6 2.d4 d5 3.Nd2 a6 4.Ngf3 c5 5.exd5 exd5 6.Be2 Nc6 7.O-O Bd6 8.dxc5 Bxc5
9.Nb3 Bb6 10.c3 Nge7 11.Bf4 O-O 12.Qd2 Bf5 13.Rad1 Re8 14.Rfe1 Ng6 15.Bg3 Be4
16.Nfd4 Qf6 17.f3 Bf5 18.Bf2 Nge7 19.Bf1 Rad8 20.Nxc6 Qxc6 21.Bxb6 Qxb6+
22.Qd4 Nc8 23.Qxb6 Nxb6 24.Nc5 Bc8 25.Rxe8+ Rxe8 26.Kf2 Kf8 27.Rd4 Rd8 28.b4
Ke7 29.a4 Rd6 30.a5 Nd7 31.Nxd7 Bxd7 32.Ke3 g5 33.Rd2 Re6+ 34.Kd4 Kd6 35.Bd3
Bb5 36.Bf5 Re8 37.g3 h6 38.f4 f6 39.Rf2 Re1 40.fxg5 fxg5 41.Bc2 Re6 42.h4 gxh4
43.gxh4 Be8 44.Rf5 Bc6 45.Bd3 Kc7 46.Rf7+ Kd6 47.Bf5 Re1 48.Rf6+ Ke7 49.Rxh6
Rd1+ 50.Ke3 Rc1 51.Kd2 Rf1 52.Bd3 Rh1 53.Bxa6 d4 54.cxd4 {#r} 1-0

[Event "Ch Ukraine (1/2 final)"]
[Site "masterchessopen.com Alushta (Ukraine)"]
[Date "2004.05.05"]
[Round "2"]
[White "Kryvoruchko Yuriy (UKR)"]
[Black "Skliar Andrey (UKR)"]
[Result "1-0"]
[WhiteElo "2465"]
[BlackElo "2345"]

1.e4 e6 2.d4 d5 3.Nd2 a6 4.Ngf3 c5 5.exd5 exd5 6.dxc5 Bxc5 7.Nb3 Bb6 8.Bd3
Qe7+ 9.Qe2 Nc6 10.Bg5 f6 11.Bd2 Qxe2+ 12.Kxe2 Bg4 13.Be3 Bxe3 14.Kxe3 Ne5
15.Nxe5 fxe5 16.f3 Bh5 17.Rhe1 O-O-O 18.Kf2 Re8 19.c4 e4 20.fxe4 dxc4 21.Bxc4
Nf6 22.Nc5 Re5 23.b4 Rhe8 24.Rac1 Kb8 25.Bd3 Bg6 26.Kg1 R8e7 27.Re2 Kc7 28.a3
Bh5 29.Re3 Nd5 30.Ree1 Bg6 31.g3 Nf6 32.Re2 Be8 33.a4 Bh5 34.Rb2 Bg6 35.b5
axb5 36.axb5 Nxe4 37.b6+ Kb8 38.Bxe4 Bxe4 39.Rd2 {#r} 1-0

[Event "Ch Ukraine (1/2 final)"]
[Site "masterchessopen.com Alushta (Ukraine)"]
[Date "2011.05.08"]
[Round "6"]
[White "Kabachienko Alexandr (UKR)"]
[Black "Podolsky Anton (UKR)"]
[Result "0-1"]
[WhiteElo "2073"]
[BlackElo "2240"]

1.e4 e6 2.d4 d5 3.Nd2 c5 4.exd5 exd5 5.Ngf3 a6 6.dxc5 Bxc5 7.Nb3 Ba7 8.Bd3
Qe7+ 9.Be2 Nf6 10.O-O O-O 11.Bg5 Nc6 12.c3 Re8 13.Bd3 Bg4 14.h3 Bh5 15.g4 Bg6
16.Bxg6 hxg6 17.Bxf6 Qxf6 18.Qd3 Re4 19.Nbd2 Rae8 20.c4 Rf4 21.g5 dxc4 22.Qd7
Rd8 23.gxf6 Rxd7 24.fxg7 Rd3 25.Kg2 Nd4 26.Nxd4 Rxd2 27.Nf3 Rxb2 28.Rab1 Rxb1
29.Rxb1 b5 30.Rb2 c3 31.Rc2 b4 32.Ne1 Rd4 33.Nf3 Rd1 34.Kg3 Bb8+ 35.Kg4 Kxg7
36.h4 Rd3 37.Ne1 f5+ 38.Kg5 Rd4 {#R} 0-1

[Event "Ch Ukraine (club)"]
[Site "masterchessopen.com Alushta (Ukraine)"]
[Date "2011.05.14"]
[Round "2"]
[White "Zubarev Alexander (UKR)"]
[Black "Plaksin Valeriy (UKR)"]
[Result "1-0"]
[WhiteElo "2608"]
[BlackElo "2189"]

1.e4 e6 2.d4 d5 3.Nd2 c5 4.Ngf3 a6 5.exd5 exd5 6.Bd3 Nc6 7.O-O Bd6 8.c4 Nge7
9.cxd5 Nb4 10.dxc5 Nxd3 11.cxd6 Qxd6 12.Nc4 Qxd5 13.Nb6 Qd8 14.Nxa8 Bf5 15.Be3
Qxa8 16.Nh4 Qc8 17.Nxf5 Qxf5 18.Qa4+ Nc6 19.Qa3 g5 20.Rad1 Nde5 21.Bd4 f6
22.Bxe5 fxe5 23.Rd3 Rg8 24.Rf3 Qe6 25.Re1 g4 26.Rd3 Rg6 27.Qb3 Qe7 28.Qc4 h5
29.b4 Re6 30.a4 Kf7 31.b5 axb5 32.axb5 Na5 33.Qc3 b6 34.Rd5 Kf6 35.f4 gxf3
36.Qxf3+ Kg7 37.Qg3+ Rg6 38.Rdxe5 Qf6 39.Re7+ Kh6 40.Qe3+ Qg5 41.Qxg5+ Kxg5
42.R1e5+ Kh6 43.R5e6 {#r} 1-0

[Event "Ch Ukraine (juniors) (under 16)"]
[Site "masterchessopen.com Kiev (Ukraine)"]
[Round "0"]
[White "Mironiuk Konstantin (UKR)"]
[Black "Drozdovskij Yuri (UKR)"]
[Result "0-1"]
[WhiteElo "2125"]
[BlackElo "2421"]

1.e4 e6 2.d4 d5 3.Nd2 a6 4.Ngf3 c5 5.exd5 exd5 6.Be2 c4 7.O-O Bd6 8.Ne5 Ne7
9.Re1 O-O 10.Nf1 f6 11.Nf3 b5 12.Ng3 Nbc6 13.a4 b4 14.b3 c3 15.Bd3 Bxg3
16.fxg3 Bf5 17.Bf4 Qd7 18.Bxf5 Nxf5 19.Qd3 g5 20.Be3 Nd6 21.Re2 Qf5 22.Qxf5
Nxf5 23.Bf2 g4 24.Ne1 Rae8 25.Rxe8 Rxe8 26.Rd1 Re2 27.Kf1 Rd2 {#R} 0-1

[Event "Ch Ukraine (juniors) (under 16)"]
[Site "masterchessopen.com Dnepropetrovsk (Ukraine)"]
[Round "4"]
[White "Tarlev Konstantin (UKR)"]
[Black "Eryomenko Volodymyr (UKR)"]
[Result "0-1"]
[WhiteElo "2376"]
[BlackElo "2386"]

1.e4 e6 2.d4 d5 3.Nd2 a6 4.Ngf3 c5 5.exd5 exd5 6.dxc5 Bxc5 7.Nb3 Ba7 8.Be2 Nf6
9.O-O O-O 10.Nfd4 Nc6 11.c3 Qd6 12.Re1 Ne4 13.Bf3 Qg6 14.Bf4 Ng5 15.Bxg5 Qxg5
16.Qc1 Qf6 17.Qe3 Nxd4 18.Nxd4 Bxd4 19.cxd4 Be6 20.Qe5 Qxe5 21.dxe5 Rfc8
22.Rec1 Kf8 23.Kf1 Ke7 24.Ke2 Rc6 25.Rxc6 bxc6 26.Rc1 Rb8 27.b3 Kd7 28.Ke3 Rb4
29.Rd1 Bg4 30.Rc1 Bxf3 31.gxf3 g5 32.Rc5 Kc7 33.Rc1 Rh4 34.Rh1 Rh3 35.Rg1 h6
36.Rg4 c5 37.Ra4 Kb6 38.b4 Kb5 39.Ra5+ Kxb4 40.Rxa6 g4 41.Rb6+ Kc4 42.a4 Rxf3+
43.Ke2 d4 44.Rxh6 Ra3 45.Rf6 Ra2+ 46.Kf1 d3 {#R} 0-1

[Event "Ch Ukraine (juniors) (under 16) (1/2 final)"]
[Site "masterchessopen.com Lvov (Ukraine)"]
[Round "0"]
[White "Oleksienko Mikhailo (UKR)"]
[Black "Hryhorenko Nataliya (UKR)"]
[Result "0-1"]
[WhiteElo "2207"]
[BlackElo "2280"]

1.e4 e6 2.d4 d5 3.Nd2 a6 4.Ngf3 c5 5.exd5 exd5 6.dxc5 Bxc5 7.Nb3 Ba7 8.Bd3 Nf6
9.O-O O-O 10.h3 Nc6 11.c3 Ne4 12.Bb1 Bf5 13.Nbd4 Nxd4 14.Nxd4 Bg6 15.Be3 Qd6
16.Bxe4 Bxe4 17.f3 Bg6 18.Qd2 Bb8 19.Ne2 Re8 20.Rfe1 Bc7 21.Bf4 Bb6+ 22.Nd4
Qf6 23.Be3 h6 24.Rad1 Bc7 25.Qf2 Re7 26.Nb3 Rae8 27.Bc5 Rxe1+ 28.Rxe1 Rxe1+
29.Qxe1 Qf4 30.Qe3 Qh2+ 31.Kf1 Bg3 32.Nc1 Bf4 33.Qe8+ Kh7 34.Be3 Qh1+ 35.Kf2
Bh2 36.Ne2 Bd3 37.Qxf7 Qd1 38.Ng3 Qg1# 0-1

[Event "Ch Ukraine (juniors) (under 18) (1/2 final)"]
[Site "masterchessopen.com Dnepropetrovsk (Ukraine)"]
[Round "6"]
[White "Podolsky Anton (UKR)"]
[Black "Artemchuk Taras (UKR)"]
[Result "0-1"]
[WhiteElo "1966"]
[BlackElo "2191"]

1.e4 e6 2.d4 d5 3.Nd2 a6 4.Ngf3 c5 5.exd5 exd5 6.dxc5 Bxc5 7.Nb3 Bb6 8.Be2 Nf6
9.O-O O-O 10.Bg5 Re8 11.Bd3 Bg4 12.Re1 Rxe1+ 13.Qxe1 Bxf3 14.Bxf6 gxf6 15.gxf3
Nc6 16.Kh1 Ne5 17.Qd2 Kh8 18.Rg1 Ng6 19.Rg3 Qe7 20.Rh3 Re8 21.Rg3 Qe5 22.c3
Nf4 23.Bf1 Bc7 24.Qd4 Qxd4 25.Nxd4 Re1 26.Kg1 Be5 27.Rg4 h5 28.Rh4 Kh7 29.Rxf4
Bxf4 30.Kg2 Kh6 31.Bd3 Kg5 32.Nf5 h4 33.h3 Rd1 34.Bc2 Rd2 35.Nd4 Be3 {#R} 0-1

[Event "Ch Ukraine (juniors) (under 18) (1/2 final)"]
[Site "masterchessopen.com Kharkov (Ukraine)"]
[Date "2006.12.05"]
[Round "4"]
[White "Lavrov Maxim (RUS)"]
[Black "Artemchuk Taras (UKR)"]
[Result "0-1"]
[WhiteElo "2345"]
[BlackElo "2214"]

1.e4 e6 2.d4 d5 3.Nd2 a6 4.Ngf3 c5 5.exd5 exd5 6.Be2 c4 7.O-O Bd6 8.b3 cxb3
9.axb3 Ne7 10.Re1 Nbc6 11.Bb2 O-O 12.Ne5 Bf5 13.Nf1 Nxe5 14.dxe5 Bb4 15.c3 Bc5
16.Bf3 Qb6 17.Ne3 Rfd8 18.b4 Bxe3 19.Rxe3 Rac8 20.h3 Be6 21.Rd3 Nc6 22.Qe2 d4
23.Bxc6 dxc3 24.Be4 cxb2 25.Rxd8+ Rxd8 26.Qxb2 Rd4 27.Bxb7 Rxb4 28.Qd2 a5
29.Rd1 h6 30.Bd5 Rb2 31.Qd4 Bxd5 32.Qxb6 Rxb6 33.Rxd5 Ra6 34.Rd3 a4 35.Ra3 Kf8
36.f4 Ke7 37.Kf2 Ke6 38.Ke3 Kd5 39.g4 Kc4 40.Ke4 Ra8 41.f5 Kb4 42.Ra1 Ra5
43.Kd4 a3 44.Rb1+ Ka4 45.Re1 a2 46.e6 f6 47.e7 Re5 48.e8=Q+ Rxe8 49.Rxe8 a1=Q+
50.Kd5 Qh1+ 51.Re4+ Kb5 {#R} 0-1

[Event "Ch Ukraine (juniors) (under 18) (g)"]
[Site "masterchessopen.com Dnepropetrovsk (Ukraine)"]
[Date "2006.03.07"]
[Round "4"]
[White "Romanova Mariya (UKR)"]
[Black "Tsirulnik Anna (UKR)"]
[Result "1-0"]
[WhiteElo "2095"]
[BlackElo "1938"]

1.e4 e6 2.d4 d5 3.Nd2 c5 4.exd5 exd5 5.Ngf3 a6 6.Be2 Nc6 7.dxc5 Bxc5 8.O-O Nf6
9.Nb3 Ba7 10.Bg5 O-O 11.c3 Be6 12.Nbd4 Nxd4 13.Nxd4 h6 14.Bh4 Rc8 15.Qd3 Re8
16.Rfe1 g5 17.Bg3 Bxd4 18.cxd4 Ne4 19.Be5 f6 20.Bg3 Bf5 21.Qb3 Nxg3 22.hxg3
Qd7 23.Bf3 Rxe1+ 24.Rxe1 Rc4 25.Qe3 Kf7 26.Bxd5+ Qxd5 27.Qe8+ {#r} 1-0

[Event "Ch Ukraine (juniors) (under16) (1/2 final)"]
[Site "masterchessopen.com Dnepropetrovsk (Ukraine)"]
[Round "4"]
[White "Kravtsiv Martyn (UKR)"]
[Black "Artemchuk Taras (UKR)"]
[Result "1-0"]
[WhiteElo "2330"]
[BlackElo "2224"]

1.e4 e6 2.d4 d5 3.Nd2 a6 4.Ngf3 c5 5.exd5 exd5 6.c4 Nf6 7.cxd5 cxd4 8.Bc4 b5
9.Bb3 Bc5 10.Qe2+ Qe7 11.Qxe7+ Kxe7 12.O-O Re8 13.Bc2 Kf8 14.Nb3 Bb6 15.Nbxd4
h6 16.d6 Ne4 17.Bxe4 Rxe4 18.Be3 Bd7 19.Rac1 a5 20.Rfd1 Na6 21.a3 f6 22.Ne6+
Rxe6 23.Bxb6 Re2 24.Nd2 Re6 25.Nf1 a4 26.Ne3 Rc8 27.Rxc8+ Bxc8 28.Bd8 Bd7
29.Be7+ Kf7 30.Rc1 Re5 31.h3 Rc5 32.Rd1 Nb8 33.Bd8 Be6 34.Ba5 Ke8 35.Bb4 Rc6
36.Nd5 Na6 37.Nf4 Bf5 38.Nh5 Nxb4 39.Nxg7+ Kd7 40.Nxf5 Rc5 41.Nxh6 Rd5 42.Rxd5
Nxd5 43.Nf5 b4 44.h4 Nf4 45.axb4 Nd3 46.h5 Nxb2 47.h6 a3 48.Nd4 {#r} 1-0

[Event "Ch Valencia"]
[Site "masterchessopen.com Valencia (Spain)"]
[Date "2012.04.15"]
[Round "3"]
[White "Castellote Lillo Javier (ESP)"]
[Black "Camarena Gimenez Rufino (ESP)"]
[Result "0-1"]
[WhiteElo "2182"]
[BlackElo "2381"]

1.e4 e6 2.d4 d5 3.Nd2 a6 4.Ngf3 c5 5.exd5 exd5 6.dxc5 Bxc5 7.Nb3 Bb6 8.Bd3 Nc6
9.c3 Nge7 10.O-O O-O 11.Re1 Nf5 12.Bxf5 Bxf5 13.Be3 Be4 14.Nc5 Re8 15.Nb3 Bc7
16.Nbd2 Qe7 17.Nf1 Rad8 18.Bd4 Qd6 19.Qe2 h6 20.Qe3 Qg6 21.g3 f5 22.Nh4 Qf7
23.f4 Nxd4 24.cxd4 g5 25.fxg5 f4 26.g6 Qf6 27.Qf2 Rf8 28.Re2 Qg5 29.Nf3 fxg3
{#R} 0-1

[Event "Ch World (juniors) (under 18) (g)"]
[Site "masterchessopen.com Bratislava (Slovakia)"]
[Round "5"]
[White "Skripchenko Almira (FRA)"]
[Black "Kadimova Ilaha (AZE)"]
[Result "0-1"]
[WhiteElo "2165"]
[BlackElo "2314"]

1.e4 e6 2.d4 d5 3.Nd2 c5 4.exd5 exd5 5.Ngf3 a6 6.dxc5 Bxc5 7.Nb3 Bb6 8.Be2 Nf6
9.O-O O-O 10.Nbd4 Nc6 11.c3 Re8 12.Bf4 Ne4 13.h3 Qf6 14.Bh2 Bd7 15.a4 Re7
16.Nxc6 Bxc6 17.Nd4 Rae8 18.Bf3 h6 19.Qd3 Ng5 20.Bg4 g6 21.Nxc6 bxc6 22.Qxa6
Ba7 23.Kh1 h5 24.Bc8 Ne4 25.Bg1 Nc5 26.Qa5 Rxc8 27.f4 Nb3 28.Qa6 Rcc7 29.Rad1
Bxg1 30.Kxg1 Nc5 31.Qa8+ Kg7 32.f5 Re2 33.Qa5 Qg5 34.f6+ Kh7 35.Rf2 Qe3 36.Rf1
Rb7 37.Qd8 Rxf2 38.Rxf2 Rxb2 {#R} 0-1

[Event "Ch World (juniors) (under 20)"]
[Site "masterchessopen.com Kiljava (Finland)"]
[Date "1984.08.15"]
[Round "11"]
[White "Ramsingh Yogendranath (TRI)"]
[Black "Kekki Petri (FIN)"]
[Result "0-1"]
[WhiteElo "2178"]
[BlackElo "2335"]

1.e4 e6 2.d4 d5 3.Nd2 a6 4.Ngf3 c5 5.exd5 exd5 6.Be2 c4 7.O-O Bd6 8.c3 Nc6
9.b3 cxb3 10.axb3 Nge7 11.c4 Bb4 12.Bb2 O-O 13.Bd3 Bf5 14.Qc2 g6 15.Rfd1 Qd6
16.Nf1 Rfd8 17.Ne3 Bxd3 18.Qxd3 Qf4 19.Ne5 dxc4 20.N3xc4 Nxe5 21.Nxe5 Rd5
22.Qe3 Qf5 23.Rd3 Rad8 24.Rad1 Kg7 25.Bc1 Ng8 26.Qe2 Be7 27.Rf3 Qxe5 28.Qd2
Qd6 29.Rd3 Bf6 30.Bb2 Ne7 31.Bc1 Kg8 {#R} 0-1

[Event "Ch World (juniors) (under 20)"]
[Site "masterchessopen.com Gausdal (Norway)"]
[Round "1"]
[White "Blatny Pavel (CZE)"]
[Black "Lehtivaara Petri (FIN)"]
[Result "1-0"]
[WhiteElo "2410"]
[BlackElo "2342"]

1.e4 e6 2.d4 d5 3.Nd2 a6 4.Ngf3 c5 5.exd5 exd5 6.dxc5 Bxc5 7.Nb3 Ba7 8.Nbd4
Nf6 9.Be2 O-O 10.O-O Nc6 11.Bf4 Ne4 12.c3 Qf6 13.Be3 Bb8 14.Qb3 Qd6 15.Rfd1
Bg4 16.g3 Qd7 17.c4 dxc4 18.Qxc4 Nd6 19.Qb3 Nxd4 20.Rxd4 Qe6 21.Qd3 Bf5 22.Qd1
Bg6 23.Rd5 Ne4 24.Bc4 b5 25.Bb3 Qh3 26.Qf1 Qxf1+ 27.Kxf1 Ba7 28.Bxa7 Rxa7
29.Ne5 Re8 30.f4 Nf6 31.Rd6 Kf8 32.Rad1 Bf5 33.Rd8 Be6 34.Rxe8+ Kxe8 35.Bxe6
fxe6 36.Rd6 Ke7 37.Rb6 Ra8 38.Rb7+ Kf8 39.Rf7+ Kg8 40.Re7 Nd5 41.Rxe6 Nb4
42.a3 Nd5 43.Ke2 a5 44.Rd6 Nf6 45.Rb6 b4 46.a4 h5 47.Rc6 Rd8 48.Rc5 h4 49.Rxa5
Rc8 50.Kd3 Rd8+ 51.Kc2 Ne4 52.gxh4 Rd2+ 53.Kb3 Rxh2 54.Rb5 Rxh4 55.a5 Rxf4
56.a6 {#r} 1-0

[Event "Ch World (juniors) (under 20)"]
[Site "masterchessopen.com Adelaide (Australia)"]
[Round "9"]
[White "Canfell Gregory (AUS)"]
[Black "Tan Jonathan (PHI)"]
[Result "0-1"]
[WhiteElo "2326"]
[BlackElo "2233"]

1.e4 e6 2.d4 d5 3.Nd2 a6 4.Ngf3 c5 5.exd5 exd5 6.Be2 Bd6 7.O-O Nf6 8.dxc5 Bxc5
9.Nb3 Bb6 10.Bg5 Be6 11.Nbd4 O-O 12.c4 Nc6 13.Nxc6 bxc6 14.Qa4 Qd6 15.Bxf6
gxf6 16.cxd5 Bxd5 17.Qh4 f5 18.Rad1 Qg6 19.Qf4 Qg4 20.Qxg4+ fxg4 21.Ne5 Rae8
22.Nd7 Rxe2 23.Nxb6 Bxa2 24.Nd7 Ra8 25.b4 Kg7 26.Ra1 a5 27.bxa5 Rxa5 28.Rac1
Bd5 29.Nb6 Be4 30.Nc4 Ra6 31.Ne3 h5 32.Rc5 Raa2 33.Nf5+ Bxf5 34.Rxf5 Kg6
35.Rc5 Rac2 36.Rxc2 Rxc2 37.Rd1 Rc5 38.Rd6+ Kf5 39.g3 Ke5 40.Rh6 Kd4 41.Rf6
Kc4 42.Rxf7 Rd5 43.h3 Kd3 44.hxg4 hxg4 45.f3 c5 46.fxg4 c4 47.Rc7 c3 48.Kf2 c2
49.Kf3 Rd4 50.Rxc2 Kxc2 51.g5 Kd3 52.g4 Kc4 53.g6 Rd6 54.Kf4 Rxg6 55.Kf5 Rg8
56.g5 Kd5 57.Kf6 Kd6 {#R} 0-1

[Event "Ch World (match) (w)"]
[Site "masterchessopen.com Volgograd (Russia)"]
[Round "0"]
[White "Chiburdanidze Maia (GEO)"]
[Black "Levitina Irina S (USA)"]
[Result "1-0"]
[WhiteElo "2375"]
[BlackElo "2295"]

1.e4 e6 2.d4 d5 3.Nd2 a6 4.Ngf3 c5 5.exd5 exd5 6.Be2 cxd4 7.O-O Bd6 8.Nb3 Nc6
9.Nbxd4 Nge7 10.Nxc6 bxc6 11.c4 O-O 12.Bd3 dxc4 ( 12...h6 13.b3 a5 14.Bb2 a4
15.Bc2 { P } ) 13.Bxc4 Bf5 14.b3 Ng6 15.Bb2 Bf4 16.Qe1 Nh4 17.Qc3 Nxf3+ (
17...Bh6 18.Rad1 Nxf3+ 19.Qxf3 Qc8 20.Rd6 { ! } 20...c5 21.Rxh6 { ! }
21...gxh6 22.Qc3 { +?? } ) 18.Qxf3 Qg5 19.Qxc6 Rac8 20.Qf3 Bg4 21.Qd5 ( 21.Qc3
Rfd8 22.h3 Be6 23.Rad1 Bd2 24.Rxd2 Rxd2 25.Bc1 Rcd8 26.Bxe6 fxe6 27.Bxd2 { P }
) 21...Qxd5 22.Bxd5 Rc2 23.Ba3 Rd8 24.Be4 Re2 25.Rfe1 Rdd2 26.Rxe2 Bxe2 (
26...Rxe2 27.Bd3 Re6 28.f3 Bh5 29.Rd1 { P } ) 27.g3 Be5 28.Rc1 g5 29.Rc8+ Kg7
30.Bf8+ {#r} 1-0

[Event "Ch World (match) (w)"]
[Site "masterchessopen.com Volgograd (Russia)"]
[Round "12"]
[White "Chiburdanidze Maia (GEO)"]
[Black "Levitina Irina S (USA)"]
[Result "1-0"]
[WhiteElo "2375"]
[BlackElo "2295"]

1.e4 e6 2.d4 d5 3.Nd2 a6 4.Ngf3 c5 5.exd5 exd5 6.Be2 Nf6 7.O-O Be7 8.dxc5 Bxc5
9.Nb3 Ba7 10.Bg5 Nbd7 11.Bd3 { !N } 11...O-O 12.Qd2 { ! } 12...Nc5 { ?! } (
12...Re8 13.Rae1 Rxe1 14.Rxe1 h6 15.Bf4 Nf8 ) 13.Nxc5 Bxc5 14.Rae1 Qd6 { ? } (
14...Qb6 { ! } 15.c3 h6 { ! } 16.Bxh6 { !? } 16...gxh6 17.Qxh6 Ne4 { ! }
18.Qh4 Bf5 { ? } ) 15.c3 h6 { ? } ( 15...a5 { !? ?16 ... ?d7 } ) ( 15...Bd7
16.b4 { ! } 16...Ba7 17.c4 ) 16.Bf4 Qb6 17.b4 { ! } 17...Bd6 18.Bxh6 { ! }
18...Nh5 19.Be3 Qc7 20.Bd4 Bf4 21.Qc2 ( 21.Qd1 { ? ?e5 } 21...Bg4 22.h3 { ± }
) 21...Bg4 22.Ne5 Be6 23.g3 Bh6 24.Bh7+ { ! } 24...Kh8 25.Bf5 Bxf5 26.Qxf5 Nf6
27.g4 Bd2 28.Re2 Ne4 29.Rxd2 { ! } 29...Nxd2 30.Rd1 Ne4 31.Rd3 Kg8 32.Rh3 Ng5
( 32...Rfd8 33.Nxf7 { ! } 33...Qxf7 34.Rh8+ Kxh8 35.Qxf7 Nf6 36.Bxf6 gxf6
37.Qxf6+ { +?? } ) 33.Qxg5 f6 34.Qh5 fxe5 35.Qh8+ ( 35.Bxe5 { ! } 35...Qe7
36.Qh7+ ( 36.f4 { ! ? g5, g6, ?h8 } ) 36...Kf7 37.Bxg7 Qe1+ 38.Kg2 Qe4+
39.Qxe4 dxe4 40.Bxf8 Rxf8 41.Rh7+ { ?+?? } ) 35...Kf7 36.Rf3+ Ke6 37.Rxf8 Rxf8
38.Qxf8 exd4 39.Qf5+ Ke7 40.cxd4 Qc4 41.Qe5+ {#r} 1-0

[Event "Ch World (seniors)"]
[Site "masterchessopen.com Bad Woerishofen (Germany)"]
[Round "1"]
[White "Tessmer Herbert (GER)"]
[Black "Wade Robert G (ENG)"]
[Result "0-1"]
[WhiteElo "1855"]
[BlackElo "2148"]

1.e4 e6 2.d4 d5 3.Nd2 c5 4.exd5 exd5 5.Ngf3 a6 6.dxc5 Bxc5 7.Nb3 Ba7 8.Be2 Nc6
9.O-O Nge7 10.Bf4 Ng6 11.Bg3 O-O 12.Qd2 Be6 13.Rad1 Rc8 14.c3 Na5 15.Nbd4 Nc4
16.Qc2 b5 17.Bd3 b4 18.Nxe6 fxe6 19.Bxg6 hxg6 20.Qxg6 Qf6 21.Qg4 Nxb2 22.Be5
Qe7 23.Rb1 bxc3 24.Bxc3 Rxc3 25.Rxb2 Rc4 26.Qg6 Qf6 27.Qb1 Rg4 28.h3 Rxg2+
29.Kxg2 Qxf3+ 30.Kh2 Qf4+ 31.Kg2 Bb8 32.Rxb8 Rxb8 33.Qg6 Qe5 34.Qd3 a5 35.Rd1
Qg5+ 36.Kf1 Rf8 37.Re1 Qf4 38.Qe3 Qc4+ 39.Re2 Rf6 40.Qg3 Qc1+ 41.Kg2 Qb1
42.Qh4 Rg6+ 43.Kf3 Qd3+ 44.Re3 Qd1+ 45.Re2 Rf6+ 46.Ke3 d4+ {#R} 0-1

[Event "Ch World (seniors)"]
[Site "masterchessopen.com Gladenbach (Germany)"]
[Round "1"]
[White "Niebling Ferdinand (GER)"]
[Black "Tessmer Herbert (GER)"]
[Result "1-0"]
[WhiteElo "2208"]
[BlackElo "1855"]

1.e4 e6 2.d4 d5 3.Nd2 a6 4.Ngf3 c5 5.exd5 exd5 6.dxc5 Bxc5 7.Nb3 Bb6 8.Bg5 Ne7
9.Bd3 Nbc6 10.O-O O-O 11.Re1 h6 12.Bh4 Bg4 13.c3 Qc7 14.h3 Bxf3 15.Qxf3 Ne5
16.Qd1 Nxd3 17.Qxd3 Ng6 18.Bg3 Qd7 19.Rad1 Rad8 20.c4 Qa4 21.cxd5 Nf4 22.Bxf4
Qxf4 23.Re2 Rd7 24.g3 Qg5 25.Kg2 Rfd8 26.Red2 Qf6 27.Qf3 Qe5 28.Re2 Qg5 29.h4
Qg6 30.Rd3 Qd6 31.Nd2 Qb4 32.Ne4 Bd4 33.Qg4 Qb6 34.d6 Kh8 35.Qf5 g6 36.Qd5 Bg7
37.Rb3 Qa7 38.h5 f5 39.Nc3 Rxd6 40.Qf7 Rf6 41.Re8+ Rxe8 42.Qxe8+ Kh7 43.Nd5
Rf8 44.hxg6+ Kh8 45.Qd7 Qd4 46.Rxb7 Rg8 47.Nf4 Qe4+ 48.Kh2 Qf3 49.Kg1 Qe4
50.Qd5 Rc8 51.Qxe4 fxe4 52.Ne6 Be5 53.b4 Re8 54.Nc5 a5 55.bxa5 Bd4 56.Nb3 {#r}
1-0

[Event "Ch World (team) (under 26)"]
[Site "masterchessopen.com Graz (Austria)"]
[Round "0"]
[White "Psakhis Lev (ISR)"]
[Black "Filguth Rubens A (BRA)"]
[Result "1-0"]
[WhiteElo "2535"]
[BlackElo "2375"]

1.e4 e6 2.d4 d5 3.Nd2 a6 4.Ngf3 c5 5.exd5 exd5 6.dxc5 Bxc5 7.Nb3 Bd6 8.Bd3 Ne7
9.O-O Nbc6 10.Bg5 O-O 11.Bh4 Qc7 12.c3 Bg4 13.Bg3 Bxg3 14.hxg3 h6 15.Re1 Rad8
16.Qc2 Bxf3 17.gxf3 Ne5 18.Re3 N7c6 19.f4 Ng4 20.Ree1 Rd6 21.Rad1 h5 22.Bf5
Rh6 23.Bxg4 hxg4 24.Qf5 g6 25.Qxg4 Kg7 26.Kg2 Rfh8 27.Rh1 Rxh1 28.Rxh1 Rxh1
29.Kxh1 Qb6 30.Qe2 a5 31.Qd2 Qb5 32.Kh2 Qc4 33.Nc1 d4 34.Ne2 dxc3 35.Nxc3 Nd4
36.Qe3 a4 37.Qe5+ Kh7 38.Qd5 Qxd5 39.Nxd5 b5 40.Kg2 Kg7 41.f3 f6 42.Nc3 Kf7
43.Kf2 Ke6 44.g4 f5 45.Ke3 Nc2+ 46.Kd3 Nb4+ 47.Kd4 Nc2+ 48.Kc5 Ne1 49.Kxb5
Nxf3 50.g5 {#r} 1-0

[Event "Ch Yugoslavia"]
[Site "masterchessopen.com Skender Vakuf (Yugoslavia)"]
[Round "15"]
[White "Polajzer Danilo (SLO)"]
[Black "Raicevic Momcilo (MNE)"]
[Result "1-0"]
[WhiteElo "2293"]
[BlackElo "2379"]

1.e4 e6 2.d4 d5 3.Nd2 a6 4.Ngf3 c5 5.exd5 exd5 6.Be2 Nc6 7.O-O Bd6 8.dxc5 Bxc5
9.Nb3 Bd6 10.Bg5 Nge7 11.Bh4 O-O 12.Bg3 Bxg3 13.hxg3 Qb6 14.Nfd4 Nf5 15.Nxf5
Bxf5 16.Qxd5 Bxc2 17.Qc5 Qxc5 18.Nxc5 Nd4 19.Bf3 Nxf3+ 20.gxf3 Rfc8 21.b4 b6
22.Nd7 Rc6 23.Rac1 Rac8 24.Rfe1 f6 25.Re7 Bf5 26.Rce1 R8c7 27.Re8+ Kf7
28.R1e7+ Kg6 29.Rg8 Rd6 30.Nf8+ {#r} 1-0

[Event "Ch Yugoslavia"]
[Site "masterchessopen.com Skender Vakuf (Yugoslavia)"]
[Round "2"]
[White "Sibarevic Milenko (BIH)"]
[Black "Raicevic Momcilo (MNE)"]
[Result "0-1"]
[WhiteElo "2312"]
[BlackElo "2379"]

1.e4 e6 2.d4 d5 3.Nd2 a6 4.Ngf3 c5 5.exd5 exd5 6.dxc5 Bxc5 7.Nb3 Bd6 8.Qd4 Nf6
9.Bf4 Qe7+ 10.Be2 Nc6 11.Qd2 Bxf4 12.Qxf4 O-O 13.c3 Bg4 14.Rd1 Rfe8 15.Rd2 Qd8
16.Rd3 Re4 17.Qd2 Ne5 18.Re3 Nc4 19.Bxc4 dxc4 20.Qxd8+ Rxd8 21.Rxe4 Nxe4
22.Nbd4 Bxf3 23.Nxf3 Nc5 24.O-O Na4 25.Rb1 Nxb2 26.Nd4 Na4 27.Rxb7 Nxc3 28.g3
g6 29.Nc2 Nxa2 30.Rb2 Nc3 31.Rb4 Rd2 32.Ne3 Ne2+ 33.Kf1 c3 34.Rc4 Ra2 35.Ke1
a5 36.Kd1 Rd2+ 37.Ke1 Rb2 38.Kd1 Ng1 39.Rxc3 Rxf2 40.Ng4 Rf1+ 41.Kd2 h5 42.Ne5
Rf2+ 43.Ke3 Rxh2 44.Ra3 Re2+ 45.Kd4 Rg2 46.Kd5 Ne2 47.Rf3 Rxg3 48.Rxf7 Rg5
49.Rf2 Nc3+ 50.Ke6 a4 51.Rc2 Rg3 52.Rd2 h4 53.Rd4 {#R} 0-1

[Event "Ch Yugoslavia (open)"]
[Site "masterchessopen.com Nis (Yugoslavia)"]
[Round "7"]
[White "Delchev Aleksander (BUL)"]
[Black "Raicevic Vladimir (SRB)"]
[Result "1-0"]
[WhiteElo "2525"]
[BlackElo "2089"]

1.e4 e6 2.d4 d5 3.Nd2 a6 4.Ngf3 c5 5.exd5 exd5 6.Be2 Nc6 7.O-O c4 8.Re1 Be7
9.b3 b5 10.a4 Be6 11.axb5 axb5 12.Rxa8 Qxa8 13.bxc4 dxc4 14.Nxc4 Bxc4 15.Bxc4
bxc4 16.d5 Nb4 17.d6 Qd5 18.Nd4 Qxd6 19.Ba3 c3 20.Bxb4 Qxb4 21.Nc6 Qb6 22.Qd6
Kf8 23.Rxe7 Qxc6 24.Qd8+ {#r} 1-0

[Event "Cup Arcimpex (cat.3)"]
[Site "masterchessopen.com Frydek-Mistek (Czech Republic)"]
[Date "2006.04.14"]
[Round "3"]
[White "Rojicek Vojtech (CZE)"]
[Black "Wiley Tom E (ENG)"]
[Result "0-1"]
[WhiteElo "2226"]
[BlackElo "2335"]

1.e4 e6 2.d4 d5 3.Nd2 c5 4.exd5 exd5 5.Ngf3 a6 6.Be2 c4 7.O-O Bd6 8.b3 cxb3
9.axb3 Ne7 10.c4 Nbc6 11.Bb2 O-O 12.c5 Bc7 13.Bc3 Bf5 14.b4 h6 15.Qb3 Re8
16.Rfe1 Ng6 17.g3 Nf8 18.Nf1 Ne6 19.Ne3 Be4 20.Qb2 Qd7 21.Nd2 Bg6 22.b5 axb5
23.Qxb5 Rxa1 24.Rxa1 Rd8 25.Qb2 Nxc5 26.Bf3 Nd3 27.Qxb7 Bxg3 28.Qxd7 Bxf2+
29.Kg2 Rxd7 30.Ndf1 Bxe3 31.Nxe3 Be4 32.Ra8+ Kh7 33.Ra6 Ne7 34.Ba5 g5 35.Ra8
Nf4+ 36.Kf2 Bxf3 37.Kxf3 Nc6 38.Bc3 Ne6 {#R} 0-1